Normal view
MARC view
- Syed Hussin Jaafar
Entry Personal Name
001 - CONTROL NUMBER
- control field: 6595
003 - CONTROL NUMBER IDENTIFIER
- control field: OSt
005 - DATE AND TIME OF LATEST TRANSACTION
- control field: 20170519163912.0
008 - FIXED-LENGTH DATA ELEMENTS
- fixed length control field: 170519|| aca||aabn | a|a d
040 ## - CATALOGING SOURCE
- Original cataloging agency: OSt
- Transcribing agency: OSt
100 ## - HEADING--PERSONAL NAME
- Personal name: Syed Hussin Jaafar
670 ## - SOURCE DATA FOUND
- Source citation: Work cat.: (OSt)0: Hamdan Abd. Kadir 4656, Panduan menjadi fasilitator efektif /, 2003

PORTAL AKMAL
E-MEL JKDM
AKMAL2U
G-BAM
u-PUSTAKA